[Event "43. Olimpiada Batumi 2018 Femenina"]
[Site "Batumi GEO"]
[Date "2018.09.27"]
[Round "4.1"]
[White "Castrillon Gomez, Melissa"]
[Black "Arakhamia-Grant, Ketevan"]
[Result "0-1"]
[WhiteElo "2248"]
[BlackElo "2345"]
[PlyCount "136"]
[EventDate "2018.09.24"]
[EventType "team-swiss"]
[EventRounds "11"]
[EventCountry "GEO"]
[SourceTitle "Ajedrez en Madrid"]
[Source "lmi"]
[SourceDate "2018.09.24"]
[WhiteTeam "Colombia"]
[BlackTeam "Scotland"]
[WhiteTeamCountry "COL"]
[BlackTeamCountry "SCO"]

1. d4 Nf6 2. Nf3 g6 3. g3 Bg7 4. Bg2 O-O 5. O-O d5 6. c4 dxc4 7. Na3 c3 8. bxc3
c5 9. Rb1 Nc6 10. Nc4 Nd5 11. Bb2 Bf5 12. Rc1 Nb6 13. Nce5 Nxe5 14. Nxe5 Qc7
15. e4 Be6 16. d5 Bxd5 17. Nxg6 hxg6 18. exd5 Rad8 19. Ba3 Nxd5 20. Bxd5 e6 21.
Qa4 Rxd5 22. Qxa7 Rfd8 23. Rb1 R8d7 24. c4 Rf5 25. Bb2 Bd4 26. Bxd4 cxd4 27.
Rb5 Rxb5 28. cxb5 d3 29. b6 Qc6 30. Qb8+ Kh7 31. Qf4 d2 32. Rd1 Qc2 33. Qf3
Qxa2 34. h4 Qa5 35. g4 Kg7 36. g5 Qe5 37. Kf1 Rd5 38. Kg2 Rd4 39. Kf1 Rd5 40.
Kg2 Qd4 41. Kh3 Rf5 42. Qe3 Qxe3+ 43. fxe3 Rf3+ 44. Kg2 Rxe3 45. Rxd2 Rb3 46.
Rd6 Kf8 47. h5 gxh5 48. g6 fxg6 49. Rxe6 Kf7 50. Rd6 g5 51. Rh6 h4 52. Kh2 Kg7
53. Rd6 Kh7 54. Re6 Kg7 55. Rd6 Kf7 56. Rh6 Rd3 57. Rh7+ Kg6 58. Rxb7 Rb3 59.
Kg2 Kf5 60. Rf7+ Kg4 61. b7 Rb2+ 62. Kf1 Kg3 63. Rc7 h3 64. Rc3+ Kh4 65. Rc7 h2
66. Rh7+ Kg3 67. Rh5 g4 68. Rh7 Rxb7 0-1

[Event "43. Olimpiada Batumi 2018 Femenina"]
[Site "Batumi GEO"]
[Date "2018.09.27"]
[Round "4.2"]
[White "Roy, Ali"]
[Black "Franco Valencia, Beatriz Irene"]
[Result "1/2-1/2"]
[WhiteElo "1923"]
[BlackElo "2191"]
[PlyCount "62"]
[EventDate "2018.09.24"]
[EventType "team-swiss"]
[EventRounds "11"]
[EventCountry "GEO"]
[SourceTitle "Ajedrez en Madrid"]
[Source "lmi"]
[SourceDate "2018.09.24"]
[WhiteTeam "Scotland"]
[BlackTeam "Colombia"]
[WhiteTeamCountry "SCO"]
[BlackTeamCountry "COL"]

1. Nf3 d6 2. g3 e5 3. Bg2 f5 4. d3 Nf6 5. O-O g6 6. c4 Bg7 7. Nc3 O-O 8. Qc2
Kh8 9. b4 c6 10. Bb2 Be6 11. a4 a5 12. b5 Qc7 13. e3 Nbd7 14. Qe2 Bg8 15. d4
exd4 16. exd4 Rfe8 17. Qd3 Ne4 18. Rfe1 Nb6 19. Nxe4 Bxc4 20. Qc2 fxe4 21. Rxe4
Rxe4 22. Qxe4 Bd5 23. Qh4 Rf8 24. Ng5 Bf6 25. Bxd5 Nxd5 26. Re1 Bxg5 27. Qxg5
Qf7 28. Qd2 Kg8 29. bxc6 bxc6 30. f4 Nb4 31. Qe2 Nd5 1/2-1/2

[Event "43. Olimpiada Batumi 2018 Femenina"]
[Site "Batumi GEO"]
[Date "2018.09.27"]
[Round "4.3"]
[White "Rivera, Ingris"]
[Black "Espinosa Cancino, Monica"]
[Result "1-0"]
[WhiteElo "2227"]
[BlackElo "1655"]
[PlyCount "67"]
[EventDate "2018.09.24"]
[EventType "team-swiss"]
[EventRounds "11"]
[EventCountry "GEO"]
[SourceTitle "Ajedrez en Madrid"]
[Source "lmi"]
[SourceDate "2018.09.24"]
[WhiteTeam "Colombia"]
[BlackTeam "Scotland"]
[WhiteTeamCountry "COL"]
[BlackTeamCountry "SCO"]

1. d4 d5 2. Nf3 Nf6 3. e3 e6 4. Bd3 c6 5. b3 Nbd7 6. Bb2 Bd6 7. Ne5 O-O 8. O-O
Qe7 9. Nd2 Re8 10. f4 Nf8 11. Rf3 N6d7 12. Rh3 f5 13. Ndf3 Bxe5 14. fxe5 b5 15.
Qe1 a5 16. Bc3 b4 17. Bd2 c5 18. a3 Rb8 19. axb4 axb4 20. Ra4 Nb6 21. Ra5 c4
22. Bxb4 Qd8 23. Bf1 Bb7 24. Ra7 Qc8 25. Qh4 Qd8 26. Qh5 h6 27. Rg3 Kh8 28. Bd6
Nbd7 29. Bxb8 Qxb8 30. Rxb7 Qc8 31. Qf7 g6 32. Nh4 g5 33. Rxd7 Qxd7 34. Ng6+
1-0

[Event "43. Olimpiada Batumi 2018 Femenina"]
[Site "Batumi GEO"]
[Date "2018.09.27"]
[Round "4.4"]
[White "Reid, Caitlin"]
[Black "Franco Valencia, Angela"]
[Result "0-1"]
[WhiteElo "1488"]
[BlackElo "2188"]
[PlyCount "58"]
[EventDate "2018.09.24"]
[EventType "team-swiss"]
[EventRounds "11"]
[EventCountry "GEO"]
[SourceTitle "Ajedrez en Madrid"]
[Source "lmi"]
[SourceDate "2018.09.24"]
[WhiteTeam "Scotland"]
[BlackTeam "Colombia"]
[WhiteTeamCountry "SCO"]
[BlackTeamCountry "COL"]

1. e4 c5 2. Nf3 Nc6 3. c3 d5 4. e5 d4 5. Bc4 e6 6. d3 Nge7 7. Nbd2 Ng6 8. Bb5
Bd7 9. Bxc6 Bxc6 10. cxd4 cxd4 11. a3 Nf4 12. O-O Nxd3 13. Nc4 Nxc1 14. Nxd4
Qxd4 15. Qxc1 Bc5 16. b4 Qg4 17. Nd6+ Bxd6 18. f3 Qd4+ 19. Kh1 Qxe5 20. f4 Qe2
21. Rg1 O-O 22. Rb1 Qf2 23. b5 Bxf4 24. Qc3 Qh4 25. h3 Bd5 26. Rb4 Qg3 27. Qxg3
Bxg3 28. Rg4 Bd6 29. a4 Rac8 0-1

[Event "43. Olimpiada Batumi 2018 Femenina"]
[Site "Batumi GEO"]
[Date "2018.09.27"]
[Round "4.1"]
[White "Georgescu, Lena"]
[Black "Samaganova, Alexandra"]
[Result "1-0"]
[WhiteElo "2195"]
[BlackElo "2024"]
[PlyCount "101"]
[EventDate "2018.09.24"]
[EventType "team-swiss"]
[EventRounds "11"]
[EventCountry "GEO"]
[SourceTitle "Ajedrez en Madrid"]
[Source "lmi"]
[SourceDate "2018.09.24"]
[WhiteTeam "Switzerland"]
[BlackTeam "Kyrgyzstan"]
[WhiteTeamCountry "SUI"]
[BlackTeamCountry "KGZ"]

1. e4 e6 2. d4 d5 3. Nc3 Nf6 4. Bg5 Be7 5. e5 Nfd7 6. h4 h6 7. Be3 c5 8. Qg4
Kf8 9. Nf3 Nc6 10. O-O-O a6 11. Rh3 cxd4 12. Bxd4 Bc5 13. Bxc5+ Nxc5 14. h5 Qe7
15. Rg3 Rg8 16. Qf4 b5 17. Nh4 Qc7 18. Kb1 b4 19. Ne2 Ke8 20. Re3 Rb8 21. Nd4
Nxd4 22. Qxd4 a5 23. c4 dxc4 24. Bxc4 Ke7 25. Nf3 Rd8 26. Qh4+ Ke8 27. Ree1 Bd7
28. Rd6 Bb5 29. Bxb5+ Rxb5 30. Qc4 Rdb8 31. Nd4 R5b6 32. Rc1 Rc8 33. Nb5 Rxb5
34. Qxb5+ Ke7 35. Qc4 Na6 36. Qxc7+ Nxc7 37. Rdc6 Kd7 38. f4 f6 39. Rd6+ Ke7
40. Rdc6 Kd7 41. b3 Kd8 42. R6c5 Kd7 43. R1c4 fxe5 44. fxe5 Kd8 45. Kc2 Kd7 46.
Kd3 Kd8 47. Ke4 Kd7 48. Rxa5 Nd5 49. Rxc8 Kxc8 50. Rxd5 exd5+ 51. Kxd5 1-0

[Event "43. Olimpiada Batumi 2018 Femenina"]
[Site "Batumi GEO"]
[Date "2018.09.27"]
[Round "4.2"]
[White "Omurbekova, Diana"]
[Black "Heinatz, Gundula"]
[Result "0-1"]
[WhiteElo "1877"]
[BlackElo "2170"]
[PlyCount "90"]
[EventDate "2018.09.24"]
[EventType "team-swiss"]
[EventRounds "11"]
[EventCountry "GEO"]
[SourceTitle "Ajedrez en Madrid"]
[Source "lmi"]
[SourceDate "2018.09.24"]
[WhiteTeam "Kyrgyzstan"]
[BlackTeam "Switzerland"]
[WhiteTeamCountry "KGZ"]
[BlackTeamCountry "SUI"]

1. e4 c5 2. Nf3 Nc6 3. d4 cxd4 4. Nxd4 Nf6 5. f3 d6 6. c4 e5 7. Nxc6 bxc6 8.
Nc3 Be7 9. Be3 O-O 10. Be2 Nh5 11. O-O Nf4 12. Kh1 Be6 13. Qd2 Qb8 14. b3 Bf6
15. Rfd1 Rd8 16. Bf1 h5 17. Rac1 Ng6 18. g3 h4 19. Bg5 Bxg5 20. Qxg5 Qb6 21.
Rc2 Rd7 22. Na4 Qd8 23. Qc1 Qf6 24. Rf2 hxg3 25. hxg3 Rad8 26. Bg2 Qe7 27. f4
exf4 28. gxf4 Bg4 29. Re1 Re8 30. Nc3 d5 31. e5 Nh4 32. cxd5 Nxg2 33. Kxg2 cxd5
34. Nb5 d4 35. Rh1 Bf5 36. Kf3 Qe6 37. Rfh2 g5 38. Nc7 Rxc7 39. Qxc7 Qd5+ 40.
Kf2 Qe4 41. Qd6 Qxf4+ 42. Kg1 Qe3+ 43. Rf2 Qe1+ 44. Kg2 Be4+ 45. Kg3 Qxh1 0-1

[Event "43. Olimpiada Batumi 2018 Femenina"]
[Site "Batumi GEO"]
[Date "2018.09.27"]
[Round "4.3"]
[White "De Seroux, Camille"]
[Black "Zairbek kyzy, Begimay"]
[Result "1-0"]
[WhiteElo "2175"]
[BlackElo "1770"]
[PlyCount "109"]
[EventDate "2018.09.24"]
[EventType "team-swiss"]
[EventRounds "11"]
[EventCountry "GEO"]
[SourceTitle "Ajedrez en Madrid"]
[Source "lmi"]
[SourceDate "2018.09.24"]
[WhiteTeam "Switzerland"]
[BlackTeam "Kyrgyzstan"]
[WhiteTeamCountry "SUI"]
[BlackTeamCountry "KGZ"]

1. e4 c6 2. Nc3 d5 3. Nf3 Bg4 4. h3 Bxf3 5. gxf3 e6 6. d4 Nf6 7. Be3 Bb4 8. Qd3
Nbd7 9. e5 Nh5 10. O-O-O Qa5 11. a3 Be7 12. Be2 g6 13. Bh6 a6 14. Kb1 c5 15.
dxc5 Nxe5 16. Qd4 Bf6 17. Qb4 Qc7 18. f4 Nd7 19. Rhe1 O-O-O 20. Na4 Be7 21. Rd3
Nhf6 22. Bf3 Bxc5 23. Nxc5 Nxc5 24. Bg7 a5 25. Qd4 Nfe4 26. Bxh8 Nxd3 27. Re3
Ndxf2 28. Be5 Qc6 29. Re2 f6 30. Bxf6 Nxf6 31. Qxf6 Ne4 32. Qe5 Nc5 33. Bg4 Re8
34. f5 Nd7 35. Qe3 e5 36. fxg6 hxg6 37. Rf2 Kb8 38. Rf7 Nf6 39. Be2 d4 40. Qb3
a4 41. Qf3 Ne4 42. Qd3 Nc5 43. Qg3 Ka7 44. Rg7 Qh1+ 45. Ka2 Qe4 46. Qe1 Qd5+
47. Ka1 Re6 48. Qa5+ Ra6 49. Qb5 Qc6 50. Qb4 Qh1+ 51. Ka2 Rc6 52. Qa5+ Na6 53.
Bxa6 Rxa6 54. Qc5+ Rb6 55. Rxg6 1-0

[Event "43. Olimpiada Batumi 2018 Femenina"]
[Site "Batumi GEO"]
[Date "2018.09.27"]
[Round "4.4"]
[White "Usupbekova, Zarina"]
[Black "Stoeri, Laura"]
[Result "0-1"]
[WhiteElo "1572"]
[BlackElo "2118"]
[PlyCount "96"]
[EventDate "2018.09.24"]
[EventType "team-swiss"]
[EventRounds "11"]
[EventCountry "GEO"]
[SourceTitle "Ajedrez en Madrid"]
[Source "lmi"]
[SourceDate "2018.09.24"]
[WhiteTeam "Kyrgyzstan"]
[BlackTeam "Switzerland"]
[WhiteTeamCountry "KGZ"]
[BlackTeamCountry "SUI"]

1. e4 e5 2. Nc3 Nf6 3. f4 d5 4. fxe5 Nxe4 5. Nf3 Be7 6. d3 Bh4+ 7. g3 Nxc3 8.
bxc3 Be7 9. Bg2 O-O 10. O-O Bg4 11. Rb1 Nd7 12. Qe2 Re8 13. h3 Be6 14. Kh2 c5
15. Bd2 Rb8 16. a4 h6 17. d4 Qc7 18. Qd3 Rec8 19. Ne1 Nb6 20. Ra1 Nc4 21. Bf4
Qd7 22. a5 a6 23. Nf3 Qc7 24. g4 Qd8 25. dxc5 Rxc5 26. Nd4 Qc8 27. Nf5 Bf8 28.
Ne3 Nxe3 29. Qxe3 Rxc3 30. Qe1 Rxc2 31. Rf2 Rxf2 32. Qxf2 Bc5 33. Qg3 Be7 34.
Rc1 Qd8 35. Bd2 Rc8 36. Rb1 Qc7 37. Rc1 Qd7 38. Rb1 Bd8 39. Qd3 Bc7 40. Qd4 Bb8
41. Kh1 Qc7 42. Rc1 Qxc1+ 43. Bxc1 Rxc1+ 44. Bf1 Rxf1+ 45. Kg2 Rc1 46. Qb2 Rc7
47. Qb6 Rd7 48. Qd4 Bc7 0-1

[Event "43. Olimpiada Batumi 2018 Femenina"]
[Site "Batumi GEO"]
[Date "2018.09.27"]
[Round "4.1"]
[White "Sihite, Chelsie Monica Igne"]
[Black "Cordero, Daniela"]
[Result "1-0"]
[WhiteElo "2244"]
[BlackElo "2082"]
[PlyCount "103"]
[EventDate "2018.09.24"]
[EventType "team-swiss"]
[EventRounds "11"]
[EventCountry "GEO"]
[SourceTitle "Ajedrez en Madrid"]
[Source "lmi"]
[SourceDate "2018.09.24"]
[WhiteTeam "Indonesia"]
[BlackTeam "Bolivia"]
[WhiteTeamCountry "INA"]
[BlackTeamCountry "BOL"]

1. e4 e6 2. d4 d5 3. Nd2 c5 4. exd5 exd5 5. Bb5+ Bd7 6. Qe2+ Be7 7. dxc5 Nf6 8.
Ngf3 O-O 9. O-O Bxc5 10. Bxd7 Nbxd7 11. Nb3 Re8 12. Qd3 Bb6 13. Bf4 Re4 14. Bg3
Bc7 15. c3 Bxg3 16. hxg3 Nb6 17. Nfd2 Re7 18. Rae1 Qc7 19. Rxe7 Qxe7 20. Nd4
Re8 21. b3 Nbd7 22. Qb1 Nc5 23. b4 Nce4 24. Nxe4 dxe4 25. Re1 Qe5 26. Qd1 Qg5
27. Ne2 e3 28. f3 Nh5 29. Qa4 Qd8 30. Rd1 Qb8 31. Qb5 g6 32. Qd7 Nf6 33. Qd4
Nh5 34. Qh4 Qc7 35. Rd4 Ng7 36. g4 Ne6 37. Re4 Rd8 38. Rxe3 Rd1+ 39. Kf2 Qc4
40. Qh6 Qxa2 41. Re4 g5 42. Kg3 Rd2 43. Rxe6 fxe6 44. Qxg5+ Kf7 45. Nf4 b6 46.
b5 Rc2 47. Qh5+ Kg7 48. Qe5+ Kf7 49. Qc7+ Ke8 50. Qxh7 Rb2 51. c4 Rc2 52. Qg8+
1-0

[Event "43. Olimpiada Batumi 2018 Femenina"]
[Site "Batumi GEO"]
[Date "2018.09.27"]
[Round "4.2"]
[White "Ramirez, Maria Eugenia"]
[Black "Fisabilillah, Ummi"]
[Result "0-1"]
[WhiteElo "2052"]
[BlackElo "2227"]
[PlyCount "78"]
[EventDate "2018.09.24"]
[EventType "team-swiss"]
[EventRounds "11"]
[EventCountry "GEO"]
[SourceTitle "Ajedrez en Madrid"]
[Source "lmi"]
[SourceDate "2018.09.24"]
[WhiteTeam "Bolivia"]
[BlackTeam "Indonesia"]
[WhiteTeamCountry "BOL"]
[BlackTeamCountry "INA"]

1. e4 e6 2. d4 d5 3. exd5 exd5 4. c4 Nf6 5. Nc3 Be7 6. Bd3 dxc4 7. Bxc4 O-O 8.
Nge2 Nbd7 9. O-O Nb6 10. Bb3 Bd6 11. Qd3 Re8 12. Ng3 Be6 13. Nb5 Bxb3 14. Qxb3
c6 15. Nxd6 Qxd6 16. Nf5 Qe6 17. Qf3 Nfd5 18. b3 Ne7 19. Nxe7+ Qxe7 20. a4 Nd5
21. Ra2 Rad8 22. Rd2 Qb4 23. Rd3 Re6 24. Bd2 Qe7 25. Be3 h6 26. a5 Rf6 27. Qd1
a6 28. Re1 Re6 29. Qc1 Re8 30. Qc5 Qf6 31. Qc1 Qf5 32. Rdd1 Nb4 33. Qc5 Nd5 34.
Bd2 Rxe1+ 35. Bxe1 Qe4 36. Bd2 Nf4 37. f3 Qe2 38. Bxf4 Qxd1+ 39. Kf2 Qe1# 0-1

[Event "43. Olimpiada Batumi 2018 Femenina"]
[Site "Batumi GEO"]
[Date "2018.09.27"]
[Round "4.3"]
[White "Anisa, Aay Aisyah"]
[Black "Monroy G., Nataly A"]
[Result "1-0"]
[WhiteElo "1968"]
[BlackElo "1961"]
[PlyCount "67"]
[EventDate "2018.09.24"]
[EventType "team-swiss"]
[EventRounds "11"]
[EventCountry "GEO"]
[SourceTitle "Ajedrez en Madrid"]
[Source "lmi"]
[SourceDate "2018.09.24"]
[WhiteTeam "Indonesia"]
[BlackTeam "Bolivia"]
[WhiteTeamCountry "INA"]
[BlackTeamCountry "BOL"]

1. e4 c5 2. Nf3 Nc6 3. d4 cxd4 4. Nxd4 g6 5. Nc3 Bg7 6. Be3 Nf6 7. Nxc6 bxc6 8.
e5 Ng8 9. f4 f6 10. Bd4 Nh6 11. exf6 exf6 12. Qe2+ Qe7 13. Ne4 Kd8 14. Bc5 Qe6
15. Nd6 Qxe2+ 16. Bxe2 Bf8 17. O-O-O Bxd6 18. Rxd6 f5 19. Rhd1 Re8 20. Bf3 Kc7
21. b4 Nf7 22. Rf6 Nd8 23. Bd6+ Kb6 24. a4 a5 25. Bc5+ Kc7 26. b5 Re6 27. b6+
Kb7 28. Rf8 d6 29. Bxd6 Bd7 30. Bc7 Re7 31. Rxd8 Rxd8 32. Bxd8 Rf7 33. Re1 h6
34. Re5 1-0

[Event "43. Olimpiada Batumi 2018 Femenina"]
[Site "Batumi GEO"]
[Date "2018.09.27"]
[Round "4.4"]
[White "Molina, Jessica"]
[Black "Edithso, Samantha"]
[Result "0-1"]
[WhiteElo "1806"]
[BlackElo "1805"]
[PlyCount "124"]
[EventDate "2018.09.24"]
[EventType "team-swiss"]
[EventRounds "11"]
[EventCountry "GEO"]
[SourceTitle "Ajedrez en Madrid"]
[Source "lmi"]
[SourceDate "2018.09.24"]
[WhiteTeam "Bolivia"]
[BlackTeam "Indonesia"]
[WhiteTeamCountry "BOL"]
[BlackTeamCountry "INA"]

1. d4 Nf6 2. c4 g6 3. Nc3 Bg7 4. e4 d6 5. f3 O-O 6. Bg5 c5 7. d5 Nbd7 8. Nge2
a6 9. a4 Rb8 10. Ng3 Qb6 11. Qd2 Re8 12. Be2 e6 13. a5 Qc7 14. O-O exd5 15.
cxd5 b5 16. Kh1 c4 17. Na2 Nc5 18. Bd1 Nfd7 19. Nb4 Ne5 20. Bh6 Ncd3 21. Bxg7
Kxg7 22. Nxd3 Nxd3 23. Bc2 Ne5 24. Qg5 Qe7 25. Nh5+ Kh8 26. Nf6 Nd7 27. e5 dxe5
28. Ne4 Qxg5 29. Nxg5 Kg7 30. Rad1 Bb7 31. f4 h6 32. Ne4 exf4 33. Rxf4 f5 34.
Ng3 Re5 35. Rfd4 Rbe8 36. Kg1 Kf6 37. Kf2 Rc8 38. Ne2 g5 39. Ng3 b4 40. Bxf5
Rxf5+ 41. Nxf5 Kxf5 42. g4+ Ke5 43. Ke3 Nf6 44. h3 Nxd5+ 45. Kf2 c3 46. bxc3
bxc3 47. Ra4 c2 48. Re1+ Kf6 49. Rc1 Nf4 50. Rd4 Be4 51. Ke3 Bg6 52. Kd2 Rc6
53. h4 Re6 54. h5 Ne2 55. Rf1+ Ke7 56. Rb4 Be4 57. Kxe2 Bg2+ 58. Kd2 Bxf1 59.
Kxc2 Bb5 60. Kc3 Re3+ 61. Kd4 Ra3 62. Ke4 Rxa5 0-1

[Event "43. Olimpiada Batumi 2018 Femenina"]
[Site "Batumi GEO"]
[Date "2018.09.27"]
[Round "4.1"]
[White "Mona, Khaled"]
[Black "Charinda, Kudzanayi"]
[Result "1-0"]
[WhiteElo "2157"]
[BlackElo "1718"]
[PlyCount "69"]
[EventDate "2018.09.24"]
[EventType "team-swiss"]
[EventRounds "11"]
[EventCountry "GEO"]
[SourceTitle "Ajedrez en Madrid"]
[Source "lmi"]
[SourceDate "2018.09.24"]
[WhiteTeam "Egypt"]
[BlackTeam "Zimbabwe"]
[WhiteTeamCountry "EGY"]
[BlackTeamCountry "ZIM"]

1. d4 d5 2. Nf3 Nf6 3. e3 e6 4. Bd3 c5 5. c3 Nc6 6. Nbd2 Qc7 7. O-O Be7 8. Qe2
O-O 9. dxc5 e5 10. e4 Bxc5 11. exd5 Ne7 12. c4 Bd6 13. h3 Bf5 14. Bxf5 Nxf5 15.
Ne4 Nxe4 16. Qxe4 g6 17. Bd2 Qb6 18. Rfc1 Bc5 19. Be1 Rfe8 20. b4 Bd4 21. c5
Qb5 22. a4 Ng3 23. axb5 Nxe4 24. Nxd4 exd4 25. Rd1 b6 26. f3 Nf6 27. Rxd4 bxc5
28. bxc5 Rab8 29. Bh4 Nxd5 30. Rxd5 Rxb5 31. Rxa7 Rb2 32. Rd8 Rxd8 33. Bxd8 Kf8
34. Ra8 Rc2 35. Bf6# 1-0

[Event "43. Olimpiada Batumi 2018 Femenina"]
[Site "Batumi GEO"]
[Date "2018.09.27"]
[Round "4.2"]
[White "Makwena, Christine"]
[Black "Wafa, Shahenda"]
[Result "0-1"]
[WhiteElo "1626"]
[BlackElo "2129"]
[PlyCount "72"]
[EventDate "2018.09.24"]
[EventType "team-swiss"]
[EventRounds "11"]
[EventCountry "GEO"]
[SourceTitle "Ajedrez en Madrid"]
[Source "lmi"]
[SourceDate "2018.09.24"]
[WhiteTeam "Zimbabwe"]
[BlackTeam "Egypt"]
[WhiteTeamCountry "ZIM"]
[BlackTeamCountry "EGY"]

1. d4 Nf6 2. c4 e6 3. Nf3 b6 4. g3 Bb7 5. Bg2 c5 6. O-O Be7 7. Nc3 cxd4 8. Nxd4
Bxg2 9. Kxg2 O-O 10. Bf4 d6 11. Nf3 Nc6 12. Qd2 Qd7 13. Rfd1 Rfd8 14. Kg1 h6
15. a3 Na5 16. Qd3 Nb3 17. Rab1 e5 18. Be3 Qg4 19. Nd2 Nxd2 20. Rxd2 Bf8 21. f3
Qh3 22. Bf2 Rac8 23. b3 Nh7 24. e4 Ng5 25. Qe2 Qh5 26. Kg2 f5 27. exf5 Qh3+ 28.
Kg1 Qxf5 29. Kg2 d5 30. Re1 d4 31. Nb1 Rc6 32. Qd3 Qh3+ 33. Kg1 Rf6 34. f4 exf4
35. Kh1 fxg3 36. Bxg3 Rf3 0-1

[Event "43. Olimpiada Batumi 2018 Femenina"]
[Site "Batumi GEO"]
[Date "2018.09.27"]
[Round "4.3"]
[White "Moaataz, Ayah"]
[Black "Zengeni, Paidaishe"]
[Result "1-0"]
[WhiteElo "2020"]
[BlackElo "1528"]
[PlyCount "73"]
[EventDate "2018.09.24"]
[EventType "team-swiss"]
[EventRounds "11"]
[EventCountry "GEO"]
[SourceTitle "Ajedrez en Madrid"]
[Source "lmi"]
[SourceDate "2018.09.24"]
[WhiteTeam "Egypt"]
[BlackTeam "Zimbabwe"]
[WhiteTeamCountry "EGY"]
[BlackTeamCountry "ZIM"]

1. c4 c5 2. g3 g6 3. Bg2 Bg7 4. Nc3 Nc6 5. a3 d6 6. Rb1 e6 7. b4 Nge7 8. Nf3
O-O 9. O-O Rb8 10. e3 b6 11. d4 cxd4 12. exd4 Bb7 13. Bb2 Nf5 14. Ne2 Qc7 15.
Rc1 Qd7 16. Qb3 Rfd8 17. Rfd1 Qe8 18. g4 Nfe7 19. Ng3 d5 20. c5 bxc5 21. dxc5
Bxb2 22. Qxb2 Ba6 23. h4 Na5 24. Qf6 Nc4 25. h5 Nc6 26. h6 Qf8 27. g5 Re8 28.
Nh2 N4e5 29. f4 Nd7 30. Qa1 f6 31. Re1 Bc4 32. Rxc4 dxc4 33. Bxc6 Rbd8 34. Ng4
f5 35. Bxd7 Rxd7 36. Nf6+ Kf7 37. Nxd7 1-0

[Event "43. Olimpiada Batumi 2018 Femenina"]
[Site "Batumi GEO"]
[Date "2018.09.27"]
[Round "4.4"]
[White "Nomalungelo, Mathe"]
[Black "Sherif, Amina"]
[Result "0-1"]
[WhiteElo "1577"]
[BlackElo "1946"]
[PlyCount "152"]
[EventDate "2018.09.24"]
[EventType "team-swiss"]
[EventRounds "11"]
[EventCountry "GEO"]
[SourceTitle "Ajedrez en Madrid"]
[Source "lmi"]
[SourceDate "2018.09.24"]
[WhiteTeam "Zimbabwe"]
[BlackTeam "Egypt"]
[WhiteTeamCountry "ZIM"]
[BlackTeamCountry "EGY"]

1. d4 g6 2. Nf3 Bg7 3. Bf4 d6 4. e3 Nd7 5. c3 e5 6. Bg5 Ne7 7. Be2 O-O 8. Qc2
h6 9. Bh4 f5 10. Bxe7 Qxe7 11. Nbd2 Nb6 12. h3 Be6 13. Nh2 exd4 14. cxd4 f4 15.
O-O fxe3 16. fxe3 Qg5 17. Bg4 Qxe3+ 18. Kh1 Bf7 19. Ndf3 h5 20. Rae1 Qh6 21.
Be6 g5 22. Bf5 Nd5 23. a3 Rae8 24. Qc1 Ne7 25. Bd7 Nd5 26. Bxe8 Bxe8 27. Nxg5
Bd7 28. Rxf8+ Bxf8 29. Nhf3 Qf6 30. Qc4 c6 31. Qd3 Bf5 32. Qe2 Nf4 33. Qe3 Nd3
34. Rd1 Bh6 35. h4 Qg6 36. Rd2 Bg7 37. Re2 Bf8 38. Ne1 Nxe1 39. Rxe1 Bd7 40.
Qe4 Bf5 41. Qe8 Qg7 42. Re7 Qxe7 43. Qxh5 Bg7 44. Nf3 Be4 45. Ng5 Bxd4 46. Qg4
Bxg2+ 47. Kxg2 Bxb2 48. Ne6+ Bg7 49. h5 Qf6 50. a4 Kf7 51. Ng5+ Ke7 52. Qe4+
Qe5 53. Qg4 Bh6 54. Nf3 Qg7 55. Kh3 Qxg4+ 56. Kxg4 Kf6 57. Nd4 d5 58. Nf5 Bd2
59. Nd6 b6 60. Nc8 Ke6 61. Nxa7 Kd7 62. Kf5 Bc3 63. h6 Bh8 64. Kf4 Kc7 65. Ke3
Kb7 66. Nb5 cxb5 67. axb5 Kc7 68. h7 Kd6 69. Kd3 Kc5 70. Kc2 Kxb5 71. Kd3 Kc5
72. Kd2 Kd4 73. Kc2 Ke3 74. Kd1 d4 75. Ke1 d3 76. Kd1 d2 0-1

[Event "43. Olimpiada Batumi 2018 Femenina"]
[Site "Batumi GEO"]
[Date "2018.09.27"]
[Round "4.1"]
[White "Mezioud, Amina"]
[Black "Stojanovic, Marija R"]
[Result "1/2-1/2"]
[WhiteElo "2056"]
[BlackElo "2113"]
[PlyCount "174"]
[EventDate "2018.09.24"]
[EventType "team-swiss"]
[EventRounds "11"]
[EventCountry "GEO"]
[SourceTitle "Ajedrez en Madrid"]
[Source "lmi"]
[SourceDate "2018.09.24"]
[WhiteTeam "Algeria"]
[BlackTeam "Montenegro"]
[WhiteTeamCountry "ALG"]
[BlackTeamCountry "MNE"]

1. e4 c5 2. Nf3 d6 3. d4 cxd4 4. Nxd4 Nf6 5. Nc3 a6 6. a4 e5 7. Nb3 Be6 8. Be2
Be7 9. Be3 Nc6 10. O-O O-O 11. h3 Rc8 12. Qd2 Nb4 13. Rac1 d5 14. exd5 Nfxd5
15. Nxd5 Nxd5 16. Bf3 Nxe3 17. fxe3 Qb6 18. a5 Qb5 19. Be2 Qa4 20. Ra1 Qc6 21.
Bd3 Rfd8 22. e4 Rd7 23. Qe2 Bg5 24. Kh1 Rcd8 25. Rf3 Be7 26. Nd2 f6 27. Nc4 Bc5
28. b3 Kh8 29. g4 Bxc4 30. bxc4 Bb4 31. g5 fxg5 32. Rf5 Be7 33. Rb1 Bf6 34. Qf2
Rf8 35. Rxe5 Rdf7 36. Rf5 Qd7 37. Rf1 g6 38. Rf3 Kg7 39. Kg2 Bd4 40. Qg3 Rxf3
41. Rxf3 Rxf3 42. Qxf3 Bc3 43. Qe3 g4 44. h4 Bf6 45. Qg3 Qe7 46. Qxg4 Bxh4 47.
Kh3 Be1 48. Kg2 Bxa5 49. e5 Qxe5 50. Qd7+ Kh6 51. Qxb7 Qg5+ 52. Kf3 Qf6+ 53.
Ke2 Qe5+ 54. Kf1 Qf4+ 55. Ke2 Qg4+ 56. Kf1 Bc3 57. c5 Qf4+ 58. Ke2 Qe5+ 59. Kf1
Qxc5 60. Bxa6 Qf5+ 61. Kg1 Bd4+ 62. Kg2 Qxc2+ 63. Kf3 Qf2+ 64. Ke4 Bf6 65. Kd3
Qd4+ 66. Ke2 Qe5+ 67. Kd3 Be7 68. Bc4 Qd6+ 69. Ke2 Kg7 70. Qc8 Qe5+ 71. Kd1
Qd4+ 72. Ke2 Bg5 73. Qg8+ Kh6 74. Qf8+ Qg7 75. Qc8 Qe5+ 76. Kd1 Qd4+ 77. Kc2
Bh4 78. Qf8+ Kg5 79. Qe7+ Kh6 80. Qf8+ Qg7 81. Qd6 Qe7 82. Qf4+ Bg5 83. Qf3 Kg7
84. Qd5 Bf6 85. Qg8+ Kh6 86. Qd5 g5 87. Bd3 Be5 1/2-1/2

[Event "43. Olimpiada Batumi 2018 Femenina"]
[Site "Batumi GEO"]
[Date "2018.09.27"]
[Round "4.2"]
[White "Koljevic, Nikolina"]
[Black "Latreche, Sabrina"]
[Result "1-0"]
[WhiteElo "1898"]
[BlackElo "2056"]
[PlyCount "99"]
[EventDate "2018.09.24"]
[EventType "team-swiss"]
[EventRounds "11"]
[EventCountry "GEO"]
[SourceTitle "Ajedrez en Madrid"]
[Source "lmi"]
[SourceDate "2018.09.24"]
[WhiteTeam "Montenegro"]
[BlackTeam "Algeria"]
[WhiteTeamCountry "MNE"]
[BlackTeamCountry "ALG"]

1. e4 g6 2. d4 Bg7 3. Nc3 d6 4. Be3 Nf6 5. f3 c6 6. Qd2 b5 7. g4 h5 8. g5 Nfd7
9. a4 b4 10. Nce2 a5 11. h4 Nb6 12. Ng3 Ba6 13. Bxa6 Nxa6 14. b3 c5 15. f4 Nd7
16. Nf3 cxd4 17. Bxd4 e5 18. Bb2 Nac5 19. Qxd6 Ra6 20. Qd5 Qc7 21. fxe5 Ne6 22.
O-O Qxc2 23. Rf2 Qc5 24. Rc1 Qe3 25. Rd1 Qa7 26. Nd4 O-O 27. Nb5 Qe3 28. Nf1
Qh3 29. Qxd7 Qg4+ 30. Rg2 Qxh4 31. Nd6 Nxg5 32. Rd3 Qf4 33. Rf2 Qh4 34. Bc1
Bxe5 35. Bxg5 Qxg5+ 36. Rg2 Qc1 37. Nxf7 Rxf7 38. Qe8+ Kg7 39. Qxe5+ Kh7 40.
Rf2 Rxf2 41. Kxf2 Ra7 42. Rf3 Qc2+ 43. Kg1 Qd1 44. Rf8 Qg4+ 45. Kf2 Qh4+ 46.
Ng3 Qh2+ 47. Kf3 Rg7 48. Qe8 Kh6 49. Rh8+ Kg5 50. Qd8+ 1-0